000 00967cam a2200301 a 4500
999 _c6854
_d6854
001 1633907
003 OSt
005 20210408145211.0
008 960307s1997 mnua 001 0 eng
010 _a 96013304
020 _a1561188883 (text)
020 _a1561188891 (text + disk)
040 _aDLC
_cDLC
_dDLC
050 0 0 _aZ52.5.M523
_bR897 1997
082 0 0 _a652.533RUT 1997
100 1 _aRutkosky, Nita Hewitt.
_914050
245 1 0 _aMicrosoft Word 7 /
_cNita Hewitt Rutkosky.
246 3 _aMicrosoft Word Seven
246 3 0 _aWord 7
260 _aSt. Paul, MN :
_bEMCParadigm,
_cc1997.
300 _axix, 748 p. :
_bcol. ill. ;
_c28 cm.
500 _aIncludes index.
630 0 0 _aMicrosoft Word.
_914051
650 0 _aWord processing.
_914052
906 _a7
_bcbc
_corignew
_d1
_eocip
_f19
_gy-gencatlg
942 _2lcc
_cO_SHELF